Loading...
Apni khabar /
| Main Author: | |
|---|---|
| Format: | Printed Book |
| Language: | Hindi |
| Published: |
Delhi :
Rajikamal Prakash ,
1960.
|
| Edition: | 1 / |
| LEADER | 00589cam a2200193ua 4500 | ||
|---|---|---|---|
| 020 | |c Rs 4.50 | ||
| 041 | |a hin | ||
| 082 | |a 891.54 |b PAN/AP | ||
| 100 | |a Pandey Bachan Sharma, Ugra . | ||
| 245 | |a Apni khabar / |c Panday Bechan Sharma Ugra. |h Textual Documents | ||
| 250 | |a 1 / |b . | ||
| 260 | |a Delhi : |b Rajikamal Prakash , |c 1960. | ||
| 300 | |a 138 ; . | ||
| 365 | |a Rs 4.50 | ||
| 504 | |||
| 541 | |e 2042 |h Rs 4.50 | ||
| 942 | |c BK | ||
| 999 | |c 31683 |d 31683 | ||
| 952 | |0 0 |1 0 |4 0 |6 891_540000000000000 |7 0 |9 41852 |a KAUAET |b KAUAET |d 2012-04-07 |m 0 |o 891.54 |p KAU_KCAET-2042 |r 2012-04-07 |w 2012-04-07 |y BK | ||